Betegutak – országos felmérés a hazai reumatológiai betegellátás problémáiról, a minőségfejlesztés lehetőségeiről

Elmentve itt :
Bibliográfiai részletek
Szerzők: Kovács László
Hunka Aniella
Kovács Attila
Körtvélyessy András
Sebők Edit
Dokumentumtípus: Cikk
Megjelent: 2019
Sorozat:MAGYAR REUMATOLÓGIA 60 No. 4
mtmt:31144571
Online Access:http://publicatio.bibl.u-szeged.hu/18208
LEADER 00840nab a2200229 i 4500
001 publ18208
005 20200211131510.0
008 200211s2019 hu o 0|| zxx d
022 |a 0139-4495 
024 7 |a 31144571  |2 mtmt 
040 |a SZTE Publicatio Repozitórium  |b hun 
041 |a zxx 
100 1 |a Kovács László 
245 1 0 |a Betegutak – országos felmérés a hazai reumatológiai betegellátás problémáiról, a minőségfejlesztés lehetőségeiről  |h [elektronikus dokumentum] /  |c  Kovács László 
260 |c 2019 
300 |a 202-215 
490 0 |a MAGYAR REUMATOLÓGIA  |v 60 No. 4 
700 0 1 |a Hunka Aniella  |e aut 
700 0 1 |a Kovács Attila  |e aut 
700 0 1 |a Körtvélyessy András  |e aut 
700 0 1 |a Sebők Edit  |e aut 
856 4 0 |u http://publicatio.bibl.u-szeged.hu/18208/1/KovacsetalMagyarReumatol2019.pdf  |z Dokumentum-elérés